US States Bordering Canada - Tile Select - Statistics

General Stats
  • This quiz has been taken 136 times
  • The average score is 18 of 20
Answer Stats
Question Tile Select % Correct
the US states bordering Canada Rhode Island No
98%
the US states bordering Canada South Dakota No
98%
the US states bordering Canada North Dakota Yes
97%
the US states bordering Canada Connecticut No
96%
the US states bordering Canada Illinois No
95%
the US states bordering Canada Montana Yes
95%
the US states bordering Canada Indiana No
94%
the US states bordering Canada Washington Yes
94%
the US states bordering Canada Alaska Yes
92%
the US states bordering Canada Oregon No
92%
the US states bordering Canada Michigan Yes
90%
the US states bordering Canada Minnesota Yes
90%
the US states bordering Canada New York Yes
89%
the US states bordering Canada Maine Yes
88%
the US states bordering Canada Ohio No
82%
the US states bordering Canada Vermont Yes
81%
the US states bordering Canada Pennsylvania No
79%
the US states bordering Canada Idaho Yes
76%
the US states bordering Canada New Hampshire Yes
73%
the US states bordering Canada Wisconsin No
55%
No matching quizzes found
Score Distribution
Percent of People with Each Score
Percentile by Number Answered
Your Score History
You have not taken this quiz